| 000 | 01644cam a22003614a 4500 | ||
|---|---|---|---|
| 090 | _c0 | ||
| 001 | 2630050 | ||
| 005 | 20070724155824.0 | ||
| 008 | 990223s1999 enka b 001 0 eng | ||
| 010 | _a 99021391 | ||
| 020 | _a0521005337 | ||
| 020 | _a0521554462 | ||
| 040 |
_aDLC _cDLC _dDLC |
||
| 042 | _apcc | ||
| 050 | 0 | 0 |
_aTA455.C3 _bH37 1999 |
| 082 | 0 | 0 |
_a620.193 _221 _bHAR |
| 100 | 1 |
_aHarris, Peter J. F. _q(Peter John Frederich), _d1957- |
|
| 245 | 1 | 0 |
_aCarbon nanotubes and related structures : _bNew materials for the twenty-first century / _cPeter J.F. Harris. |
| 250 | _bFirst paperback edition 2001. | ||
| 260 |
_aCambridge, UK ; _bNew York : _bCambridge University Press, _c1999. |
||
| 300 |
_axiii, 279 p. : _bill. ; _c25 cm. |
||
| 504 | _aIncludes bibliographical references and indexes. | ||
| 650 | 0 | _aCarbon. | |
| 650 | 0 | _aNanostructured materials. | |
| 650 | 0 | _aTubes. | |
| 856 | 4 | 1 |
_3Sample text _uhttp://www.loc.gov/catdir/samples/cam032/99021391.html |
| 856 | 4 | 2 |
_3Publisher description _uhttp://www.loc.gov/catdir/description/cam029/99021391.html |
| 856 | 4 | 1 |
_3Table of contents _uhttp://www.loc.gov/catdir/toc/cam021/99021391.html |
| 856 | 4 | 2 |
_3Contributor biographical information _uhttp://www.loc.gov/catdir/enhancements/fy0732/99021391-b.html |
| 942 |
_2ddc _cBB |
||
| 999 |
_c10569 _d10569 |
||